000 00314nam a2200121Ia 4500
005 20251222144841.0
008 251222s9999||||xx |||||||||||||| ||spa||
082 _a263.4/C28
100 _aCarter, Edward J.
245 0 _aShepherds of Christ Newsletters
264 _bShepherds of Christ Publications
942 _cLIB
999 _c21246
_d21246